[Event "Saratov Region-ch (Women)"]
[Site "Saratov"]
[Date "2015.11.29"]
[Round "9.4"]
[White "Fedorova, Tatiana"]
[Black "Kocheryagina, Polina"]
[Result "0-1"]
[WhiteElo "1935"]
[BlackElo "1574"]
[PlyCount "80"]
[EventDate "2015.11.21"]
[EventType "swiss"]
[EventRounds "9"]
[EventCountry "RUS"]
[SourceTitle "EXT 2022"]
[Source "ChessBase"]
[SourceDate "2021.10.06"]
[SourceVersion "1"]
[SourceVersionDate "2021.10.06"]
[SourceQuality "1"]

1. c4 f5 2. Nc3 e6 3. d3 Nf6 4. g3 c6 5. e4 d5 6. e5 d4 7. exf6 dxc3 8. fxg7 Bxg7 9. Qh5+ Kd7 10. Bg5 Qf8 11. b3 h6 12. Bh4 Na6 13. Rc1 Bf6 14. Ne2 Nb4 15. Nf4 Nxa2 16. Ng6 Qg7 17. Nxh8 Nxc1 18. Bxf6 Qxf6 19. Qf7+ Qxf7 20. Nxf7 Nxb3 21. Kd1 Nd4 22. Nxh6 a5 23. Nf7 a4 24. Ne5+ Kc7 25. Nf3 Nxf3 26. Kc2 Ne1+ 27. Kxc3 a3 28. Be2 a2 29. Rxe1 a1Q+ 30. Rxa1 Rxa1 31. Kd4 Kd6 32. h4 e5+ 33. Ke3 Be6 34. Bh5 Ra3 35. Ke2 b5 36. cxb5 cxb5 37. Bg6 b4 38. h5 b3 39. h6 b2 40. h7 Ra8 0-1

[Event "Saratov Region-ch (Women)"]
[Site "Saratov"]
[Date "2015.11.24"]
[Round "4.3"]
[White "Fedorova, Tatiana"]
[Black "Volkova, Alina"]
[Result "1-0"]
[WhiteElo "1935"]
[BlackElo "1405"]
[PlyCount "69"]
[EventDate "2015.11.21"]
[EventType "swiss"]
[EventRounds "9"]
[EventCountry "RUS"]
[SourceTitle "EXT 2022"]
[Source "ChessBase"]
[SourceDate "2021.10.06"]
[SourceVersion "1"]
[SourceVersionDate "2021.10.06"]
[SourceQuality "1"]

1. c4 e6 2. Nc3 d5 3. d4 c6 4. e3 Nf6 5. Nf3 Nbd7 6. Bd3 dxc4 7. Bxc4 b5 8. Bd3 Bd6 9. 0-0 0-0 10. b3 Bb7 11. Bb2 a6 12. Rc1 c5 13. Bb1 Bxf3 14. Qxf3 cxd4 15. exd4 Nb6 16. Ne4 Be7 17. Nxf6+ Bxf6 18. Qe4 g6 19. Rc3 Qxd4 20. Qf3 Bg7 21. Rc2 Qd5 22. Qe3 Qb7 23. Bxg7 Kxg7 24. Qe5+ Kg8 25. Rc3 Rac8 26. Rh3 Qd5 27. Qe3 Nd7 28. Qh6 Nf6 29. g4 Rfd8 30. g5 Nh5 31. Rxh5 gxh5 32. Bxh7+ Kh8 33. Bg6+ Kg8 34. Qh7+ Kf8 35. Qxf7# 1-0

[Event "Saratov Regional-ch (Women)"]
[Site "Saratov"]
[Date "2014.11.29"]
[Round "8"]
[White "Golovchanskaya, Alina"]
[Black "Fedorova, Tatiana"]
[Result "0-1"]
[WhiteElo "1635"]
[BlackElo "1860"]
[PlyCount "128"]
[EventDate "2014.11.22"]
[EventType "swiss"]
[EventRounds "9"]
[EventCountry "RUS"]
[SourceTitle "EXT 2016"]
[Source "ChessBase"]
[SourceDate "2015.10.08"]
[SourceVersion "1"]
[SourceVersionDate "2015.10.08"]
[SourceQuality "1"]

1. d4 f5 2. c4 e6 3. Nc3 Nf6 4. g3 Bb4 5. Bd2 0-0 6. Bg2 a5 7. a3 Bxc3 8. Bxc3 Ne4 9. Qc2 d5 10. c5 b5 11. cxb6 cxb6 12. Nf3 Nd7 13. 0-0 Nxc3 14. Qxc3 Ba6 15. Qd2 Rc8 16. Rfc1 Qe7 17. e3 g5 18. Rxc8 Rxc8 19. Rc1 Rxc1+ 20. Qxc1 g4 21. Nd2 Qd6 22. Bf1 Bxf1 23. Qc8+ Kf7 24. Nxf1 Nf6 25. Nd2 Qd7 26. Qc2 Qb5 27. Qc7+ Kg6 28. Qc3 Qe2 29. Kg2 h5 30. Qc1 h4 31. gxh4 g3 32. hxg3 Ng4 33. h5+ Kh6 34. Nf1 Qxf2+ 35. Kh1 Kxh5 36. Qd1 Kg6 37. b3 Qxg3 38. Nxg3 Nf2+ 39. Kg2 Nxd1 40. Kf3 Nc3 41. Kf4 b5 42. Ke5 Kf7 43. Kd6 a4 44. bxa4 bxa4 45. Kc5 Nd1 46. Nf1 Kf6 47. Kb4 Nb2 48. Kc3 Nc4 49. Kb4 Kg5 50. Kxa4 Kg4 51. Kb4 Kf3 52. a4 Ke2 53. a5 Nxa5 54. Ng3+ Kxe3 55. Kxa5 Kxd4 56. Kb4 f4 57. Nf1 Kd3 58. Kc5 Ke2 59. Nh2 f3 60. Kd6 f2 61. Kxe6 d4 62. Ke5 d3 63. Kf4 d2 64. Kg3 f1N+ 0-1

[Event "Saratov Regional-ch (Women)"]
[Site "Saratov"]
[Date "2014.11.25"]
[Round "4"]
[White "Fedorova, Tatiana"]
[Black "Protopopova, Anastasiya"]
[Result "0-1"]
[WhiteElo "1860"]
[BlackElo "2075"]
[PlyCount "66"]
[EventDate "2014.11.22"]
[EventType "swiss"]
[EventRounds "9"]
[EventCountry "RUS"]
[SourceTitle "EXT 2016"]
[Source "ChessBase"]
[SourceDate "2015.10.08"]
[SourceVersion "1"]
[SourceVersionDate "2015.10.08"]
[SourceQuality "1"]

1. c4 Nf6 2. Nc3 e6 3. e4 d5 4. cxd5 exd5 5. e5 d4 6. exf6 dxc3 7. fxg7 cxd2+ 8. Bxd2 Bxg7 9. Qa4+ Qd7 10. Qxd7+ Bxd7 11. 0-0-0 Be6 12. a3 Nd7 13. Ne2 0-0-0 14. Bc3 Bh6+ 15. Kb1 Nc5 16. Rxd8+ Rxd8 17. Nd4 Ne4 18. Be2 Bd5 19. Bg4+ Kb8 20. Bf5 Nxc3+ 21. bxc3 Bxg2 22. Re1 c5 23. Nb3 b6 24. Bxh7 Bf4 25. Re7 Bxh2 26. Kc2 Bd5 27. Nd2 Bd6 28. Re1 c4 29. a4 Rh8 30. Bf5 Rh2 31. Be4 Be6 32. f3 Bf4 33. Rd1 Bd7 0-1

[Event "Saratov Region-ch (Women)"]
[Site "Saratov"]
[Date "2012.12.02"]
[Round "7.4"]
[White "Golovchanskaya, Alina"]
[Black "Fedorova, Tatiana"]
[Result "1/2-1/2"]
[WhiteElo "1579"]
[BlackElo "1900"]
[PlyCount "86"]
[EventDate "2012.11.26"]
[EventType "swiss"]
[EventRounds "7"]
[EventCountry "RUS"]
[SourceTitle "EXT 2014"]
[Source "ChessBase"]
[SourceDate "2013.11.20"]
[SourceVersion "1"]
[SourceVersionDate "2013.11.20"]
[SourceQuality "1"]

1. d4 f5 2. c4 Nf6 3. Nf3 e6 4. Nc3 Bb4 5. Bg5 Bxc3+ 6. bxc3 h6 7. Bf4 d6 8. h4 b6 9. g3 Bb7 10. Bg2 Qe7 11. Kf1 Nbd7 12. Qa4 0-0 13. h5 Qf7 14. Rb1 Nxh5 15. Rxh5 Qxh5 16. Qxd7 Qf7 17. Qxf7+ Rxf7 18. c5 Be4 19. Rb4 bxc5 20. dxc5 g5 21. Be3 e5 22. cxd6 cxd6 23. Kg1 Rc7 24. Ra4 Rxc3 25. Rxa7 Rxa7 26. Bxa7 Ra3 27. Bb8 Ra6 28. a4 Kf7 29. a5 Rxa5 30. Bxd6 Ke6 31. Bf8 g4 32. Nd2 Bxg2 33. Kxg2 h5 34. e3 Ra2 35. Nb3 Ra8 36. Bc5 Ra2 37. Bf8 Kd5 38. Kf1 Rb2 39. Nc1 Rb1 40. Ba3 Kc4 41. Ke2 Kc3 42. Nd3 Rb5 43. Bd6 e4 1/2-1/2

[Event "Saratov Autumn SSEU 4st stage"]
[Site "Saratov"]
[Date "2012.10.18"]
[Round "5.8"]
[White "Gagarkine, Nikolay"]
[Black "Fedorova, Tatiana"]
[Result "0-1"]
[WhiteElo "1957"]
[BlackElo "1891"]
[PlyCount "86"]
[EventDate "2012.10.13"]
[EventType "swiss"]
[EventRounds "5"]
[EventCountry "RUS"]
[SourceTitle "EXT 2022"]
[Source "ChessBase"]
[SourceDate "2021.10.06"]
[SourceVersion "1"]
[SourceVersionDate "2021.10.06"]
[SourceQuality "1"]

1. d4 f5 2. h3 Nf6 3. g4 e6 4. g5 Ne4 5. h4 b6 6. Bg2 Bb7 7. Nf3 d5 8. c3 c5 9. Ne5 Nd7 10. Qa4 a6 11. Bf4 b5 12. Qd1 cxd4 13. cxd4 Bb4+ 14. Kf1 Nxe5 15. Bxe5 0-0 16. f3 Nd6 17. a3 Nc4 18. Qb3 Bd6 19. f4 Bxe5 20. fxe5 Qb6 21. Qc3 Rac8 22. Nd2 Nxe5 23. Qe3 Ng4 24. Qd3 e5 25. Nb3 e4 26. Qd2 Rc2 27. Qf4 Rxb2 28. Nc5 Bc8 29. Rh3 Qa5 30. h5 Qd2 31. Qxd2 Rxd2 32. Nb3 Rb2 33. Rc3 f4 34. Rac1 Ne3+ 35. Kg1 Bg4 36. h6 Nxg2 37. hxg7 Rf7 38. Kxg2 Rxe2+ 39. Kf1 f3 40. R3c2 Bh3+ 41. Kg1 f2+ 42. Kh1 f1Q+ 43. Rxf1 Rxf1# 0-1

[Event "Saratov SSEU Cup 2nd Stage"]
[Site "Saratov"]
[Date "2012.05.19"]
[Round "8"]
[White "Smirnov, Alexandr A"]
[Black "Fedorova, Tatiana"]
[Result "1-0"]
[WhiteElo "2173"]
[BlackElo "1910"]
[PlyCount "39"]
[EventDate "2012.05.11"]
[EventType "swiss"]
[EventRounds "9"]
[EventCountry "RUS"]
[SourceTitle "EXT 2020"]
[Source "ChessBase"]
[SourceDate "2019.10.17"]
[SourceVersion "1"]
[SourceVersionDate "2019.10.17"]
[SourceQuality "1"]

1. e4 d5 2. exd5 Qxd5 3. Nc3 Qd8 4. Nf3 Nf6 5. Bc4 g6 6. d4 Bg7 7. Bg5 0-0 8. Qd2 Re8 9. 0-0-0 c6 10. h4 h5 11. Ne5 e6 12. g4 b5 13. Bb3 Qb6 14. Bxf6 Bxf6 15. gxh5 gxh5 16. Qh6 Bg7 17. Rhg1 Kf8 18. Rxg7 Ke7 19. Rxf7+ Kd8 20. Qf6+ 1-0

[Event "Saratov SSEU Cup 2nd Stage"]
[Site "Saratov"]
[Date "2012.05.17"]
[Round "6"]
[White "Fedorov, Oleg An"]
[Black "Fedorova, Tatiana"]
[Result "0-1"]
[WhiteElo "1837"]
[BlackElo "1910"]
[PlyCount "93"]
[EventDate "2012.05.11"]
[EventType "swiss"]
[EventRounds "9"]
[EventCountry "RUS"]
[SourceTitle "EXT 2020"]
[Source "ChessBase"]
[SourceDate "2019.10.17"]
[SourceVersion "1"]
[SourceVersionDate "2019.10.17"]
[SourceQuality "1"]

1. e4 c5 2. Nc3 Nc6 3. Bb5 d6 4. f4 Bd7 5. Nf3 g6 6. d3 Bg7 7. 0-0 a6 8. Bc4 b5 9. Bb3 e6 10. f5 Qb6 11. Be3 h6 12. fxe6 fxe6 13. Nh4 Nge7 14. Qg4 Ne5 15. Qh3 g5 16. Nf3 0-0-0 17. Nxe5 Bxe5 18. Bxe6 b4 19. Na4 Qc6 20. Bxd7+ Rxd7 21. Rf7 Re8 22. Nxc5 dxc5 23. c3 Qg6 24. Raf1 g4 25. Qh4 bxc3 26. bxc3 Bxc3 27. Bxc5 Nc6 28. Rxd7 Kxd7 29. Qg3 Be5 30. Qe3 Qg5 31. Qf2 g3 32. Qf7+ Ne7 33. h3 Qg8 34. Qh5 Qe6 35. d4 Bd6 36. Qe2 Rb8 37. Bxd6 Qxd6 38. d5 Rb5 39. Qg4+ Kc7 40. Qg7 Kb6 41. Rc1 Qa3 42. Qxh6+ Ka5 43. d6 Nc6 44. d7 Rc5 45. Qd2+ Kb5 46. Rb1+ Kc4 47. Qd5+ 0-1

[Event "Saratov SSEU Cup 2nd Stage"]
[Site "Saratov"]
[Date "2012.05.11"]
[Round "1"]
[White "Gagarkine, Nikolay"]
[Black "Fedorova, Tatiana"]
[Result "1-0"]
[WhiteElo "1918"]
[BlackElo "1910"]
[PlyCount "128"]
[EventDate "2012.05.11"]
[EventType "swiss"]
[EventRounds "9"]
[EventCountry "RUS"]
[SourceTitle "EXT 2020"]
[Source "ChessBase"]
[SourceDate "2019.10.17"]
[SourceVersion "1"]
[SourceVersionDate "2019.10.17"]
[SourceQuality "1"]

1. g3 d5 2. Bg2 e5 3. d3 c6 4. f3 Bc5 5. e3 Qb6 6. Qe2 Be6 7. c3 Ne7 8. Na3 a5 9. Nc2 Nd7 10. Nh3 h6 11. d4 Bd6 12. Nf2 f5 13. 0-0 g5 14. dxe5 Nxe5 15. Nd4 Bd7 16. e4 0-0-0 17. Nxf5 Nxf5 18. exf5 Bxf5 19. Be3 Qc7 20. b3 Rde8 21. Qd2 g4 22. fxg4 Nxg4 23. Bd4 Rhg8 24. Nxg4 Bxg4 25. Rae1 Rxe1 26. Qxe1 h5 27. Bf6 Qd7 28. Qe3 Kb8 29. Be5 Bxe5 30. Qxe5+ Ka8 31. Qd4 b5 32. c4 bxc4 33. bxc4 h4 34. Qb6 Be2 35. Qxa5+ Qa7+ 36. Qxa7+ Kxa7 37. Rf7+ Kb6 38. cxd5 hxg3 39. dxc6 gxh2+ 40. Kxh2 Rc8 41. Rb7+ Kc5 42. a4 Ba6 43. Rg7 Kb4 44. Ra7 Ka5 45. Kg3 Kb6 46. Rf7 Bc4 47. Re7 Ka5 48. Kf4 Kxa4 49. Ke5 Kb5 50. Kd6 Rg8 51. Rb7+ Ka6 52. Rb2 Bb5 53. Kc5 Rg5+ 54. Bd5 Bxc6 55. Kxc6 Rg6+ 56. Kc5 Ka7 57. Rh2 Kb8 58. Ra2 Kc7 59. Ra8 Kd7 60. Ra7+ Kd8 61. Bc6 Rh6 62. Rd7+ Kc8 63. Kb6 Rh2 64. Re7 Rh8 1-0

[Event "Saratov Spring-A"]
[Site "Saratov"]
[Date "2012.03.22"]
[Round "6"]
[White "Fedorova, Tatiana"]
[Black "Efimov, Ivan"]
[Result "0-1"]
[WhiteElo "1899"]
[BlackElo "2158"]
[PlyCount "88"]
[EventDate "2012.03.15"]
[EventType "tourn"]
[EventRounds "9"]
[EventCountry "RUS"]
[SourceTitle "EXT 2014"]
[Source "ChessBase"]
[SourceDate "2013.11.20"]
[SourceVersion "1"]
[SourceVersionDate "2013.11.20"]
[SourceQuality "1"]

1. c4 e5 2. Nc3 Nf6 3. g3 Be7 4. Bg2 0-0 5. e4 d6 6. Nge2 Nbd7 7. 0-0 c6 8. d3 a6 9. a4 a5 10. b3 Re8 11. f4 Qb6+ 12. Kh1 Ng4 13. Qe1 Ne3 14. Bxe3 Qxe3 15. Rf3 Qb6 16. Rb1 exf4 17. gxf4 Bf6 18. d4 Bxd4 19. Nxd4 Qxd4 20. Rd1 Qf6 21. Qe3 Nf8 22. Rg3 Ng6 23. Ne2 Nh4 24. Qd3 Nxg2 25. Rxg2 Qh4 26. Rdg1 g6 27. Qd4 Bh3 28. Rg5 Re6 29. Qc3 Rxe4 30. Ng3 Rxf4 31. Nh5 Rd4 32. Nf6+ Kh8 33. Ng4 c5 34. Qf3 Qxg5 35. Qxh3 Re8 36. Nh6 Qf4 37. Rf1 Qe4+ 38. Rf3 Rd1+ 39. Kg2 f5 40. Nf7+ Kg7 41. Ng5 Qg4+ 42. Qxg4 fxg4 43. Rf7+ Kg8 44. Rxh7 Re5 0-1

[Event "Saratov Spring-A"]
[Site "Saratov"]
[Date "2012.03.21"]
[Round "5"]
[White "Sayapin, Dmitry"]
[Black "Fedorova, Tatiana"]
[Result "0-1"]
[WhiteElo "1699"]
[BlackElo "1899"]
[PlyCount "88"]
[EventDate "2012.03.15"]
[EventType "tourn"]
[EventRounds "9"]
[EventCountry "RUS"]
[SourceTitle "EXT 2014"]
[Source "ChessBase"]
[SourceDate "2013.11.20"]
[SourceVersion "1"]
[SourceVersionDate "2013.11.20"]
[SourceQuality "1"]

1. e4 c5 2. Nf3 Nc6 3. Bb5 d6 4. 0-0 Bd7 5. c3 g6 6. d4 cxd4 7. cxd4 Bg7 8. Nc3 a6 9. Bxc6 Bxc6 10. Bf4 Nf6 11. Re1 0-0 12. Qb3 b5 13. d5 Bd7 14. e5 dxe5 15. Nxe5 Ng4 16. Nxd7 Qxd7 17. Rad1 Qa7 18. Bg3 Bd4 19. Qc2 b4 20. Ne4 Rfd8 21. h3 Nf6 22. Nxf6+ Bxf6 23. d6 e6 24. Qd2 Rd7 25. Rc1 a5 26. Kh1 Rad8 27. Rcd1 Qc5 28. Rc1 Qb5 29. Qf4 Bxb2 30. Rc7 Qd5 31. Bh4 Rxc7 32. dxc7 Rc8 33. Bd8 Bc3 34. Rf1 Qxa2 35. Qd6 Qd5 36. Qe7 Bg7 37. Rb1 Bf8 38. Qe8 Qd6 39. Ra1 Qxc7 40. Bxc7 Rxe8 41. Bxa5 Ra8 42. Kg1 b3 43. Bc3 Rxa1+ 44. Bxa1 Bg7 0-1

[Event "Saratov Spring-A"]
[Site "Saratov"]
[Date "2012.03.19"]
[Round "3"]
[White "Fedorova, Tatiana"]
[Black "Brekhov, Denis"]
[Result "1-0"]
[WhiteElo "1899"]
[BlackElo "1949"]
[PlyCount "109"]
[EventDate "2012.03.15"]
[EventType "tourn"]
[EventRounds "9"]
[EventCountry "RUS"]
[SourceTitle "EXT 2014"]
[Source "ChessBase"]
[SourceDate "2013.11.20"]
[SourceVersion "1"]
[SourceVersionDate "2013.11.20"]
[SourceQuality "1"]

1. c4 f5 2. Nc3 Nf6 3. g3 e6 4. Bg2 d5 5. d4 c6 6. Nf3 Bd6 7. c5 Bc7 8. Rb1 0-0 9. 0-0 Nbd7 10. Bf4 Bxf4 11. gxf4 Ne4 12. e3 Rf6 13. h3 Rh6 14. Nxe4 fxe4 15. Ne5 Nxe5 16. fxe5 Qg5 17. Kh2 Bd7 18. f4 Qf5 19. Rg1 Be8 20. Qe1 Bh5 21. Qg3 Rg6 22. Qf2 Rh6 23. Bf1 Rf8 24. Rg3 Kh8 25. Qg1 Rg6 26. Rxg6 Bxg6 27. Be2 Qf7 28. b4 a6 29. a4 Bh5 30. Bxh5 Qxh5 31. Qg4 Qf7 32. b5 axb5 33. axb5 Ra8 34. b6 Ra2+ 35. Kh1 Qg6 36. Rg1 Qxg4 37. hxg4 Kg8 38. f5 Kf7 39. Rf1 Ra3 40. Re1 Ra2 41. Kg1 Ke7 42. Rf1 Ra8 43. Kg2 Kf7 44. Kg3 Ke7 45. Kh4 Ra3 46. Re1 Kf7 47. Kg5 Ra2 48. Rf1 Ra3 49. Kf4 Ra2 50. g5 exf5 51. Kxf5 Ra3 52. e6+ Ke8 53. Ke5 Rxe3 54. Rf7 Rf3 55. Rxb7 1-0

[Event "Saratov Winter Cup 1st stage"]
[Site "Saratov"]
[Date "2012.02.17"]
[Round "8"]
[White "Smirnov, Alexandr A"]
[Black "Fedorova, Tatiana"]
[Result "1-0"]
[WhiteElo "2182"]
[BlackElo "1921"]
[PlyCount "117"]
[EventDate "2012.02.10"]
[EventType "tourn"]
[EventRounds "9"]
[EventCountry "RUS"]
[SourceTitle "EXT 2013"]
[Source "ChessBase"]
[SourceDate "2012.11.22"]
[SourceVersion "1"]
[SourceVersionDate "2012.11.22"]
[SourceQuality "1"]

1. e4 c5 2. Nf3 Nc6 3. Nc3 d6 4. d4 cxd4 5. Nxd4 g6 6. Be3 Bg7 7. f3 Nf6 8. Qd2 0-0 9. g4 a6 10. 0-0-0 Qa5 11. Kb1 Re8 12. Nb3 Qc7 13. h4 h5 14. g5 Nd7 15. Nd5 Qd8 16. f4 e6 17. Nc3 Bf8 18. Bh3 b5 19. f5 exf5 20. exf5 Nde5 21. Qf2 Nc4 22. Bc1 Ra7 23. Nd5 Bg7 24. Rdf1 Re5 25. Nb4 Rc7 26. Nd3 Re8 27. Nf4 N6e5 28. Nd5 Rb7 29. Qg2 Kh8 30. Nd2 Nxd2+ 31. Bxd2 Nc4 32. Bc1 b4 33. f6 Bf8 34. Re1 Re5 35. Bxc8 Qxc8 36. b3 Na3+ 37. Bxa3 bxa3 38. Rd1 Rb5 39. Kc1 a5 40. c4 a4 41. Qc2 axb3 42. axb3 a2 43. Kb2 Ra5 44. Ra1 Qg4 45. Rh2 Rc5 46. Qd2 Re4 47. Rxa2 Rc8 48. Ra7 Kg8 49. Ne7+ Bxe7 50. Rxe7 Rxe7 51. fxe7 Qd7 52. Re2 Re8 53. c5 d5 54. Kc3 Qh3+ 55. Re3 Qxh4 56. Qxd5 Qf4 57. Qd4 Qxg5 58. b4 Rxe7 59. Qd8+ 1-0